LIBRARY ONLINE CATALOGUE

Starter award in ICT : (Record no. 3562)

MARC details
000 -LEADER
fixed length control field 00639cam a22002172 4500
001 - CONTROL NUMBER
control field 0000012224
005 - DATE AND TIME OF LATEST TRANSACTION
control field 20151217145855.0
008 - FIXED-LENGTH DATA ELEMENTS--GENERAL INFORMATION
fixed length control field 090217s xx 000 0 eng d
020 ## - INTERNATIONAL STANDARD BOOK NUMBER
International Standard Book Number 0521521521
040 ## - CATALOGING SOURCE
Original cataloging agency KABU
Transcribing agency KABU
100 1# - MAIN ENTRY--PERSONAL NAME
Personal name Jesson, Jill.
-- 0000168483
245 10 - TITLE STATEMENT
Title Starter award in ICT :
Remainder of title next steps /
Statement of responsibility, etc. Jill Jesson and Graham Peacock.
250 ## - EDITION STATEMENT
Edition statement 1st ed.
260 ## - PUBLICATION, DISTRIBUTION, ETC. (IMPRINT)
Place of publication, distribution, etc. Cambridge, England :
Name of publisher, distributor, etc. C. U. P.,
Date of publication, distribution, etc. 2003.
300 ## - PHYSICAL DESCRIPTION
Extent 64 p.
650 #0 - SUBJECT ADDED ENTRY--TOPICAL TERM
Topical term or geographic name as entry element Computer science.
-- 0000058480
700 1# - ADDED ENTRY--PERSONAL NAME
Personal name Peacock, Graham.
-- 0000013704
852 1# - LOCATION
-- p500 KES
908 ## - PUT COMMAND PARAMETER (RLIN)
Put command parameter 090217
950 ## - LOCAL HOLDINGS (RLIN)
-- 1
Holdings
Withdrawn status Lost status Source of classification or shelving scheme Not for loan Home library Current library Date acquired Total Checkouts Full call number Barcode Date last seen Price effective from Koha item type
    Library of Congress Classification   Kabarak, Main Campus Kabarak, Main Campus 17/12/2015   QA76 .J472 c. 1 16643 17/12/2015 17/12/2015 General Collection